Zu dick: struktur und erfahrung einer form sozialer ungleichheit /
में बचाया:
| मुख्य लेखक: | |
|---|---|
| स्वरूप: | मूलपाठ |
| टैग: |
टैग जोड़ें
कोई टैग नहीं, इस रिकॉर्ड को टैग करने वाले पहले व्यक्ति बनें!
|
MARC
| LEADER | 00000 a a2200000 04500 | ||
|---|---|---|---|
| 001 | 47946 | ||
| 003 | |||
| 040 | |||
| 100 | |a Barlösius, Eva | ||
| 245 | |a Zu dick: |b struktur und erfahrung einer form sozialer ungleichheit / |c Eva Barlösius | ||
| 773 | |g número9, (2013), páginas 40-44 : fotos | ||
| 999 | |c 26665 |d 26665 | ||
